Estudi motivacional i d' opinió sobre els transports públics a la conurbació barcelonina : estudi de comunicació per a la campanya publicitària de foment de l' ús del transport col·lectiu / estudi de comunicació per a la campanya publicitària de foment de l' ús del transport col·lectiu /
Descripción Física:
80 p. ; 30 cm
Materias:
Transport urbà -- Barcelona
MARC
| LEADER | 00000nam a2200000Ia 4500 | ||
|---|---|---|---|
| 001 | 1467 | ||
| 008 | 160829s1982 xx 000 0 cat d | ||
| 080 | |a C-1-11 | ||
| 110 | |a Catalunya. |b Direcció General de Transports |9 53473 | ||
| 245 | |a Estudi motivacional i d' opinió sobre els transports públics a la conurbació barcelonina : |b estudi de comunicació per a la campanya publicitària de foment de l' ús del transport col·lectiu / |c Direcció General de Transports. Departament de Política Territorial i Obres Públiques | ||
| 260 | |a Barcelona : |b [la Direcció General], |c 1982 | ||
| 300 | |a 80 p. ; |c 30 cm | ||
| 650 | |a Transport urbà |x Barcelona |9 45881 | ||
| 901 | |a Arxiu | ||
| 942 | |n 1 | ||
| 952 | |0 0 |1 0 |4 0 |6 C111 |7 1 |9 41337 |a Arxiu |b Arxiu |d 2016-12-01 |l 0 |o C-1-11 |p 1467 |r 2016-12-01 00:00:00 |w 2016-12-01 |y ARXIU | ||
| 999 | |c 43145 |d 43145 | ||